| 000 | 02864nam0a22003611 4500 | ||
|---|---|---|---|
| 001 | rc\280655 | ||
| 005 | 20250621014811.0 | ||
| 035 | _a(NLR Aleph) 005507918 | ||
| 090 |
_a5375073 _c5375073 |
||
| 100 | _a20030307d1990 |||y0rusy50 ca | ||
| 101 | 0 | _arus | |
| 102 | _aRU | ||
| 105 | _ay ||||||||| | ||
| 200 | 1 |
_aОсвобождение Земли _eАнгл. и амер. фантаст. _f[Пер. с англ. и сост. В.П. Ковалевского] |
|
| 210 |
_aМ. _cПрометей _d1990 |
||
| 215 |
_a250, [2] с. _d22 |
||
| 327 | 1 | _aСодерж.: Звездорубы / Г. Гаррисон. Освобождение Земли; Курс на Восток / У. Тэнн. Танец Солнца / Р. Силверберг. Чисто логическим путем / Г. Шенфельд. Клетка / Б. Чандлер. Черный день для паразитов / К. Ломер. Опасная дичь / Э. Уэллен. Полночный алтарь / С.М. Корнблат. Я сотворил тебя / У.М. Миллер-младший, и произведения др. авт. | |
| 464 | 0 |
_12001#$aЗвездорубы _1700#1$aГаррисон$bГ.$gГарри$cписатель-фантаст$f1925-2012$3RU\NLR\AUTH\774785 _tЗвездорубы _aГаррисон, Гарри (писатель-фантаст ; 1925-2012) |
|
| 464 | 0 |
_12001#$aОсвобождение Земли _1700#1$aТэнн$bУ. _tОсвобождение Земли _aТэнн, У. |
|
| 464 | 0 |
_12001#$aКурс на Восток _1700#1$aТэнн$bУ. _tКурс на Восток _aТэнн, У. |
|
| 464 | 0 |
_12001#$aТанец Солнца _1700#1$aСилверберг$bР.$f1936-$gРоберт$3RU\NLR\AUTH\7713619 _tТанец Солнца _aСилверберг, Роберт (1936-) |
|
| 464 | 0 |
_12001#$aЧисто логическим путем _1700#1$aШенфельд$bГ. _tЧисто логическим путем _aШенфельд, Г. |
|
| 464 | 0 |
_12001#$aКлетка _1700#1$aЧандлер$bБ. _tКлетка _aЧандлер, Б. |
|
| 464 | 0 |
_12001#$aЧерный день для паразитов _1700#1$aЛаумер$bК.$f1925-1993$gКейт$3RU\NLR\AUTH\770235237 _tЧерный день для паразитов _aЛаумер, Кейт (1925-1993) |
|
| 464 | 0 |
_12001#$aОпасная дичь _1700#1$aУэллен$bЭ. _tОпасная дичь _aУэллен, Э. |
|
| 464 | 0 |
_12001#$aПолночный алтарь _1700#1$aКорнблат$bС. М. _tПолночный алтарь _aКорнблат, С. М. |
|
| 464 | 0 |
_12001#$aЯ сотворил тебя _1700#1$aМиллер-младший$bУ. М. _tЯ сотворил тебя _aМиллер-младший, У. М. |
|
| 801 | 0 |
_aRU _bNLR _gpsbo |
|
| 801 | 1 |
_aRU _bELAR _2rusmarc |
|
| 852 |
_aNLR _j90-5/3582 |
||
| 942 | _cBOOK | ||
| 980 | _aNB | ||